000 01531 a2200181 4500
003 NUST
005 20230126172928.0
040 _cNust
082 _a900,PEA
100 _a.Pearce, F.G
_9107814
245 _aFootprints on the sands of time:
_ba quick survey of human history as marked by the lives of great men and women /
_cF.G.Pearce
260 _aOxford University Press
_bHumphrey Milford
_c1942
300 _ax,303, p.;
_billus
_c18 cm
_e'Ideas rule the world'
_fdigars
505 _aThe Footprints of Primitive Man and Before (Page-1), Early Settlers (Page-8), The Jews in Mesopotamia (Page-15), Confucius The Moralist (Page-24), Alexander the Cosmopolitan (Page-42), Ashoka the Philanthropist and the Religion he Spread (Page-51), Casar the Dictator the Growth of Roman Power (Page-59), Marcus Aurelius the Administrtion the Roman Empire (Page-76), Justinian the Law Giver (Page-92), Mohammad the Prophet Arabia’s Gift to Man (Page-97), Roger Bacon The Inquires (Page-126), Leonardo Da Vinci The Genius The New Learning (Page-143), s The New Nations and their Kings (Page-151), Akbar the Unifier and Shivaji (Page-158), William Pitt the Statesman (Page-188), Voltaire Rousseau Paine and the French Revolution (Page-203),The Scientist the Intellectual (Page-245), The Diplomat The Growth of Germany and japan (Page-264), Generalissimo Chiang-Kai-Shek (Page-290), Whither do the Footprints Lead (Page-297).
600 _aF.G.Pearce
_9107815
650 _aFootprints on the sands of time,
_9107816
942 _2ddc
_cBK
_k900,PEA
999 _c186140
_d186140